| 000 | 00516nam a22001577a 4500 | ||
|---|---|---|---|
| 003 | SGT | ||
| 020 | _a9788120417571 | ||
| 082 | _a517.82,GOL | ||
| 100 | _aGOLDBERG, RICHARD R. | ||
| 245 | _aMETHODS OF REAL ANALYSIS | ||
| 260 |
_aNEW DELHI _bOXFORD & IBH PUBLISHING CO. PVT. LTD. _c1970 |
||
| 300 | _a359 | ||
| 650 | _aMETHODS OF REAL ANALYSIS | ||
| 653 | _aSETS AND FUNCTIONS, SEQUENCES OF REAL NUMBERS,SERIES OF REAL NUMBERS , LIMITS AND METRIC SPACES,CONTINUES FUNCTIONS ON METRIC SPACES | ||
| 942 |
_2ddc _cFPS |
||
| 999 |
_c9313 _d9313 |
||